Work-life balance a statistická diskriminace žen na trhu práce
Trh práce žien a mužov v Českej republike. Teória štatistickej diskriminácie. Inštitucionalizácia diskriminácie. Work-life balance a work-life style. Interpretácia týchto výrazov.
Saved in:
| Main Author: | |
|---|---|
| Format: | Book Chapter |
| Language: | Czech |
| Subjects: | |
| Tags: |
No Tags, Be the first to tag this record!
|
MARC
| LEADER | 00000naa$a2200000$$$4500 | ||
|---|---|---|---|
| 001 | 0092750 | ||
| 005 | 20231102114129.9 | ||
| 041 | 0 | |a cze | |
| 044 | |a SK | ||
| 245 | 1 | 0 | |a Work-life balance a statistická diskriminace žen na trhu práce |c Dagmar Brožová |
| 520 | |a Trh práce žien a mužov v Českej republike. Teória štatistickej diskriminácie. Inštitucionalizácia diskriminácie. Work-life balance a work-life style. Interpretácia týchto výrazov. | ||
| 610 | 2 | 0 | |a trh práce |
| 610 | 2 | 0 | |a diskriminácia |
| 610 | 2 | 0 | |a ženy |
| 610 | 2 | 0 | |a Česko |
| 610 | 2 | 0 | |a legislatíva |
| 610 | 2 | 0 | |a štatistika |
| 100 | 1 | |a Brožová, Dagmar | |